000 00428nam a2200145Ia 4500
008 230917s9999||||xx |||||||||||||| ||und||
040 _e100786
_aMAIN
041 _aEnglish
082 _a320.954 M697D
100 _aMitra, Subrata K
245 0 _aDemocracy and social change in India: a cross- sectional analysis of the national electorate
260 _aNew Delhi
_bSage Publications
_c1999
300 _a341 p.
942 _cBK
999 _c109797
_d109797